| 000 | 01144nam0a22002771 4500 | ||
|---|---|---|---|
| 001 | rc\331117 | ||
| 005 | 20250621041119.0 | ||
| 035 | _a(NLR Aleph) 005566528 | ||
| 090 |
_a5966908 _c5966908 |
||
| 100 | _a20030307d1989 |||y0rusy50 ca | ||
| 101 | 0 | _arus | |
| 102 | _aRU | ||
| 105 | _aa ||||||||| | ||
| 200 | 1 |
_aИсследования разностных схем метода опорных операторов для уравнения Пуассона на нерегулярных сетках _fДремов О.А., Колдоба А.В., Повещенко Ю.А. |
|
| 210 |
_aМ. _cИПМ _d1989 |
||
| 215 |
_a24 с. _cил. _d20 |
||
| 225 | 1 |
_aПрепринт _fАН СССР. Ин-т прикл. математики им. М.В. Келдыша _v№ 114 |
|
| 320 | _aБиблиогр.: с. 24 | ||
| 700 | 1 |
_aДремов _bО.А. _gОлег Анатольевич |
|
| 701 | 1 |
_aКолдоба _bА.В. _gАлександр Васильевич |
|
| 701 | 1 |
_aПовещенко _bЮ.А. _gЮрий Андреевич |
|
| 801 | 0 |
_aRU _bNLR _gpsbo |
|
| 801 | 1 |
_aRU _bELAR _2rusmarc |
|
| 852 |
_aNLR _j90-4/2657 |
||
| 942 | _cBOOK | ||
| 980 | _aNB | ||